| Tag |
First Indicator |
Second Indicator |
Subfields |
| LEADER |
00000cam a2200000 a 4500 |
| 001 |
in00000985621 |
| 005 |
20150927182323.0 |
| 008 |
900314s1989 enk 00010 eng d |
| 010 |
|
|
|a gb 89042107
|
| 015 |
|
|
|a GB89-42107
|
| 020 |
|
|
|a 1853990027 (cased) :
|c £12.50
|
| 020 |
|
|
|a 1853990035 (pbk) :
|c £4.95
|
| 035 |
|
|
|a (OCoLC)19849877
|
| 035 |
|
|
|9 AEZ3468AM
|
| 040 |
|
|
|a UKM
|c UKM
|d OCL
|d TXA
|d UtOrBLW
|
| 049 |
|
|
|a TXAM
|
| 050 |
1 |
4 |
|a PR1924
|
| 080 |
|
|
|a 820-1
|
| 082 |
0 |
4 |
|a 821.1
|2 20
|
| 090 |
|
|
|a PR1924
|b .R66 1989
|
| 100 |
1 |
|
|a Rooney, Anne.
|
| 245 |
1 |
0 |
|a Geoffrey Chaucer :
|b a guide through the critical maze /
|c Anne Rooney.
|
| 264 |
|
1 |
|a Bristol :
|b Bristol Press,
|c [1989]
|
| 264 |
|
4 |
|c ©1989
|
| 300 |
|
|
|a ix, 132 pages ;
|c 22 cm.
|
| 336 |
|
|
|a text
|b txt
|2 rdacontent
|
| 337 |
|
|
|a unmediated
|b n
|2 rdamedia
|
| 338 |
|
|
|a volume
|b nc
|2 rdacarrier
|
| 490 |
1 |
|
|a State of the art series
|
| 504 |
|
|
|a Bibliography: pages 118-132.
|
| 600 |
1 |
0 |
|a Chaucer, Geoffrey,
|d -1400.
|
| 830 |
|
0 |
|a State of the art series (Bristol Press)
|
| 999 |
|
|
|a MARS
|
| 999 |
f |
f |
|s f4c3445a-104c-3ade-8954-1c7df818d7f9
|i 3b4f0e93-567c-341e-ad41-5ec37b56be6a
|t 0
|
| 952 |
f |
f |
|p normal
|a Texas A&M University
|b College Station
|c Sterling C. Evans Library
|d Evans: Library Stacks
|t 0
|e PR1924 .R66 1989
|h Library of Congress classification
|i unmediated -- volume
|m A14813773376
|
| 998 |
f |
f |
|a PR1924 .R66 1989
|t 0
|l Evans: Library Stacks
|